Statistics for Countries, US States, Capitals, Elements, 100 Most Common Words: A ≈ B + C #10

Click here to take the quiz!

General Stats

  • This quiz has been taken 50 times
  • The average score is 54 of 76

Answer Stats

ANSWER% Correct
{Mali}
97%
{}m{Ali}
97%
{Than}
94%
{S}p{ain}
90%
{spaiN}
90%
{}t{Ogo}
90%
{omAn}
87%
{oMan}
87%
{o}m{An}
87%
{}c{uBa}
84%
{Cuba}
84%
{Jub}a{}
84%
{}n{eOn}
84%
{ov}e{R}
84%
{utA}h{}
84%
{wiLl}
84%
Bujumbura
81%
{}{B}{u}{j}{u}{m}{b}{u}{r}{a}
81%
Thailand
81%
{}{T}{h}{a}{i}{l}{a}{n}{d}
81%
{iRan}
81%
{lOm}e{}
81%
{Some}
81%
{S}o{me}
81%
{aCcra}
77%
{Burma}
77%
{cairO}
77%
{Into}
77%
{i}n{tO}
77%
{}o{sLo}
77%
{pAlau}
77%
{riGa}
77%
{t}h{iS}
77%
Monrovia
74%
{}{M}{o}{n}{r}{o}{v}{i}{a}
74%
{Oregon}
74%
{teHran}
74%
{tehraN}
74%
{}{M}{o}{n}{g}{o}{l}{i}{a}
71%
Mongolia
71%
{}l{Ook}
71%
{sa}l{eM}
71%
Columbia
68%
{}{C}{o}{l}{u}{m}{b}{i}{a}
68%
{go}l{D}
68%
{}{N}{o}{r}{t}{h}{ }{K}{o}{r}{e}{a}
65%
North Korea
65%
{t}i{rAna}
65%
{}{B}{u}{l}{g}{a}{r}{i}{a}
61%
Bulgaria
61%
Costa Rica
61%
{}{C}{o}{s}{t}{a}{ }{R}{i}{c}{a}
61%
{}{P}{o}{d}{g}{o}{r}{i}{c}{a}
61%
Podgorica
61%
Lilongwe
61%
{}{L}{i}{l}{o}{n}{g}{w}{e}
61%
Minnesota
61%
{}{M}{i}{n}{n}{e}{s}{o}{t}{a}
61%
San Marino
61%
{}{S}{a}{n}{ }{M}{a}{r}{i}{n}{o}
61%
Suriname
61%
{}{S}{u}{r}{i}{n}{a}{m}{e}
61%
{romE}
61%
Baton Rouge
58%
{}{B}{a}{t}{o}{n}{ }{R}{o}{u}{g}{e}
58%
{}{C}{h}{a}{r}{l}{e}{s}{t}{o}{n}
52%
Charleston
52%
{}{S}{e}{a}{b}{o}{r}{g}{i}{u}{m}
52%
Seaborgium
52%
{}{S}{a}{i}{n}{t}{ }{P}{a}{u}{l}
52%
Saint Paul
52%
{bA}n{gui}
48%
Annapolis
48%
{}{A}{n}{n}{a}{p}{o}{l}{i}{s}
48%
{}{S}{a}{c}{r}{a}{m}{e}{n}{t}{o}
42%
Sacramento
42%

Score Distribution

Percentile by Number Answered

Percent of People with Each Score

Your Score History

You have not taken this quiz